00500nam a2200157 a 4500008004100000020001500041050001700056100002100073245009700094260004800191300002200239350000900261650003200270650002400302650001600326120416s2002 ||||||||||||||||| || u a0521809460 aQE 538.5 Ken aKennett, B. L. N14aThe seismic wavefield volume II: interpretation of seismograms on regional and global scales aCambridgebCambridge University Pressc2002 axii, 534p. : ill. a0.00 aGEOLOGY--STUDY AND TEACHING aSeismic prospecting aSEISMOGRAMS